Библиография работ сотрудников Института. Ч. 2: Оперативная травматология (1923-1980 гг.) (Запись № 6705912)

Подробности
000 -МАРКЕР
контрольное поле 01161nam2a22002531 4500
001 - ИДЕНТИФИКАТОР ЗАПИСИ
контрольное поле rc\974309
005 - ИДЕНТИФИКАТОР ВЕРСИИ
контрольное поле 20041129100938.9
021 ## - НОМЕР ГОСУДАРСТВЕННОЙ РЕГИСТРАЦИИ
Код страны Российская Федерация
Номер КН-П-19-094876
Номер Листа государственной регистраци КН-П-19-6953
035 ## - ДРУГИЕ СИСТЕМНЫЕ НОМЕРА
Идентификатор записи (NLR Aleph) 006245602
100 ## - ДАННЫЕ ОБЩЕЙ ОБРАБОТКИ
Данные общей обработки 20041129d1982 u y0rusy50 ca
101 0# - ЯЗЫК РЕСУРСА
Язык текста, звукозаписи и т.д. русский
102 ## - СТРАНА ПУБЛИКАЦИИ ИЛИ ПРОИЗВОДСТВА
Страна публикации Российская Федерация
105 ## - ПОЛЕ КОДИРОВАННЫХ ДАННЫХ: ТЕКСТОВЫЕ МАТЕРИАЛЫ, МОНОГРАФИЧЕСКИЕ
Кодированные данные о монографическом текстовом документе y |||||||||
200 1# - ЗАГЛАВИЕ И СВЕДЕНИЯ ОБ ОТВЕТСТВЕННОСТИ
Основное заглавие Оперативная травматология (1923-1980 гг.)
Первые сведения об ответственности [Составители Г.А. Паршина, Н.Н. Мусатова]
210 ## - ПУБЛИКАЦИЯ, РАСПРОСТРАНЕНИЕ И ДР.
Дата издания, распространения и т.д. 1982
215 ## - ФИЗИЧЕСКАЯ ХАРАКТЕРИСТИКА
Специфическое обозначение материала и объем 137 с.
461 #0 - УРОВЕНЬ НАБОРА
Встроенное поле 001rc\974308
-- 2001#$aБиблиография работ сотрудников Института$fМоск. НИИ им. Н.В. Склифосовского$vЧ. 2
Системный номер (АБИС) связанной записи 6705905
Автор Московский НИИ скорой помощи им. Склифосовского
Место публикации М.
Дата публикации 1982-
Первые сведения об ответственности Моск. НИИ им. Н.В. Склифосовского
Имя издателя, распространителя и т.д. Б. и.
Заглавие Библиография работ сотрудников Института
Номер тома Ч. 2
702 #1 - ИМЯ ЛИЦА - ВТОРИЧНАЯ ОТВЕТСТВЕННОСТЬ
Начальный элемент ввода Паршина
Часть имени, кроме начального элемента ввода Г.А.
Код отношения Составитель
801 #0 - ИСТОЧНИК ЗАПИСИ
Страна Российская Федерация
Организация NLR
Правила каталогизации psbo
801 #1 - ИСТОЧНИК ЗАПИСИ
Страна Российская Федерация
Организация ELAR
Источник данных rusmarc
852 ## - МЕСТОНАХОЖДЕНИЕ И ШИФР ХРАНЕНИЯ
Идентификатор организации NLR
Наименование фонда или коллекции (Sub-Location Identifier) С
Шифр хранения (Call Number) К-1/1384
942 ## - ДОПОЛНИТЕЛЬНЫЕ ЭЛЕМЕНТЫ ЗАПИСИ (АБИС)
Тип экземпляра АБИС Книга
980 ## - КОЛЛЕКЦИЯ
Название коллекции Национальная библиография
Экземпляры
Тип экземпляра Дата поступления Библиотека постоянного хранения Библиотека текущего хранения Место хранения Шифр хранения Штрих-код Статус экземпляра Источник поступления Стоимость
Книга 26.10.2013 РНБ (Московский) РНБ (Московский) Центральная справочная библиотека С К-1/1384 1-3239025      
Книга 09.12.2020 РНБ (Московский) РНБ (Московский) Центральная справочная библиотека С К-1/1384 1-3239026   Обязательный экземпляр 0.00